1960's Song Titles: Picture Clues #2 - Statistics

General Stats
  • This quiz has been taken 121 times
  • The average score is 7 of 20
Answer Stats
Picture Hint Answer % Correct
Beatles (White Album) Blackbird
83%
Elvis Presley Viva Las Vegas
78%
Crispian St Peter Pied Piper
65%
Bee Gees Massachusetts
64%
Rolling Stones Little Red Rooster
57%
Johnny Preston Running Bear
53%
Sam Cooke Cupid
50%
Tom Jones Delilah
43%
Los Bravos Black Is Black
38%
Hollies Look Through Any Window
23%
Twinkle Terry
17%
Velvet Underground (lyric clue) Venus In Furs
15%
Charlie Drake Mr Custer
13%
Byrds Chestnut Mare
12%
Syd Barrett Terrapin
11%
Johnny Cymbal Mr Bassman
10%
Herman's Hermits Silhouettes
7%
Love 7 And 7 Is
6%
Casuals Toy
3%
Tommy Steele What A Mouth
3%
No matching quizzes found
Score Distribution
Percent of People with Each Score
Percentile by Number Answered
Your Score History
You have not taken this quiz